Catálogo

Cántico cósmico / (Registro nro. 63332)

Detalles MARC
000 -LEADER
fixed length control field 00697nam a2200229 a 4500
001 - CONTROL NUMBER
control field 63332
005 - DATE AND TIME OF LATEST TRANSACTION
control field 20180714065719.0
008 - FIXED-LENGTH DATA ELEMENTS--GENERAL INFORMATION
fixed length control field 150817s1999 sp 000 0 spa d
020 ## - INTERNATIONAL STANDARD BOOK NUMBER
International Standard Book Number 84-87699-32-4
082 0# - DEWEY DECIMAL CLASSIFICATION NUMBER
Classification number 861.4
Item number CAR
100 1# - MAIN ENTRY--PERSONAL NAME
Personal name Cardenal, Ernesto
Relator term autor
245 10 - TITLE STATEMENT
Title Cántico cósmico /
Statement of responsibility, etc. Ernesto Cardenal.
250 ## - EDITION STATEMENT
Edition statement Tercera edición
264 #1 - PRODUCTION, PUBLICATION, DISTRIBUTION, MANUFACTURE, AND COPYRIGHT NOTICE
Place of production, publication, distribution, manufacture España :
Name of producer, publisher, distributor, manufacturer Editorial Trotta ;
Date of production, publication, distribution, manufacture, or copyright notice 1999
300 ## - PHYSICAL DESCRIPTION
Extent 410 páginas : ;
Dimensions 23 cm.
336 ## - CONTENT TYPE
Content type term texto
Source rdacontent
337 ## - MEDIA TYPE
Media type term sin mediación
Source rdamedia
338 ## - CARRIER TYPE
Carrier type term volumen
Source rdacarrier
490 0# - SERIES STATEMENT
Series statement La dicha de enmudecer serie poesía
650 #4 - SUBJECT ADDED ENTRY--TOPICAL TERM
Topical term or geographic name entry element Literatura nicaragüense
650 #4 - SUBJECT ADDED ENTRY--TOPICAL TERM
Topical term or geographic name entry element Poesía nicaragüense
Existencias
Withdrawn status Lost status Source of classification or shelving scheme Damaged status Not for loan Collection code Home library Current library Shelving location Date acquired Source of acquisition Inventory number Total Checkouts Full call number Barcode Date last seen Price effective from Koha item type
    Dewey Decimal Classification     General Centro de Estudios en Ciencia y Religión Centro de Estudios en Ciencia y Religión Sala general 17/08/2015 Compra 151000000000000000077988   861.4 CAR 1999 94306 05/01/2026 20/11/2015 Libro